000 00926nam a2200217 a 4500
001 BRCA_8879
005 20190320210439.0
008 140617s1765----sp-#######---#000-0#lat-#
041 _alat
044 _asp
084 _aBE262
_b.T66 1765
100 1 _aTomás de Aquino, Santo
_d1225? - 1274
_922059
245 1 0 _aD. Thomae Aquinatis, doctoris angelici, ordinis praedicatorum, opera, juxta editionem venetam MDCCLV
_caccedunt F. Joann. Franc. Bernard. Mariae de Rubeis in singula opera admonitiones praeviae; tomus tertius; complectens summae theologicae secundam segundae.
260 _aMatriti
_bEx typographia Viduae Elisaei Sánchez
_c1765
300 _aXXXII; 471 p. (t.3)
_c29 x 20 cm
500 _aSuperiorum permissu
500 _aEstado físico: presenta encuadernación en pergamino con cintas rotas y cantos decorados
650 1 4 _aTeología
_yObras anteriores a 1800
_922102
902 _aCFM
942 _2lcc
_cB
999 _c8530
_d8530